000 01282nam a22004217a 4500
001 BR0703235
003 BR-BrBNA
005 20230928102456.0
007 ta
008 230509b bl.||||| |||| 00| 0 por d
040 _aBR-BrBNA
_bpor
_cBiblioteca Nacional de Agricultura
041 _a(Por)
072 _aP40; B50
090 _ P40 BR0703235
100 1 _aPessoa, D.M.
100 1 _aCavalcanti, C. de V.
110 1 _aBanco do Nordeste do Brasil S.A., Fortaleza, CE (Brasil)
110 1 _aFundação Joaquim Nabuco, Recife, PE (Brasil)
_94977
245 1 _aCaráter e efeitos da seca nordestina de 1970
_bSérie Estudos sobre as Secas no Nordeste, v. 2
260 3 _aFortaleza, CE (Brasil):
_c2002.
300 _a302 p.
500 _aBibliography p. 231-234; 86 tables; 24 illus.
650 _aSECA
650 _aCATÁSTROFE NATURAL
650 _aDESENVOLVIMENTO RURAL
650 _aDEFICIÊNCIA HÍDRICA
650 _aPESQUISA SOCIAL
650 _aHISTÓRIA
650 _aTECNOLOGIA
650 _aPROJETO DE DESENVOLVIMENTO
650 _aPOLÍTICA DE DESENVOLVIMENTO
650 _aIMPACTO AMBIENTAL
650 _aIMPACTO ECONÔMICO
650 _aIMPACTO SOCIAL
650 _aNORDESTE
909 _a202309
_bLucia
_c55
_dLucia Elande
942 _cBK
999 _c70956
_d70956